000 01318cam a2200337 a 4500
999 _c10273
_d10273
001 1556282
003 OSt
005 20201028104126.0
008 911004s1990 ii b f000 0beng
010 _a 91902014
020 _a0706954416 :
_cRs120.00
025 _aI E 64766
040 _aDLC
_coclc
_dDLC
050 0 0 _aHF1359
_b.S48 1990
082 _a337
_bSET/I
100 _aSethi, J D
_q(Jai Dev),
_d1924-
_9994
245 1 0 _aInternational Economic Disorder & A Gandhian solution /
_cJ D Sethi
260 _aShimla :
_bIndian Institute of Advanced Study in collaboration with Vikas Pub. House, New Delhi,
_c1990.
300 _a140 p
_c22 cm.
490 1 _aMonograph ;
_v68
504 _aIncludes bibliographical references.
600 1 0 _aGandhi,
_cMahatma,
_d1869-1948.
650 0 _aInternational economic relations.
710 2 _aIndian Institute of Advanced Study.
740 0 _aInternational economic disorder (a theory of economic Darwinism) and a Gandhian solution.
740 0 _aTheory of economic Darwinism.
830 0 _aMonograph (Indian Institute of Advanced Study) ;
_v68.
906 _a7
_bcbc
_corignew
_d3
_encip
_f19
_gy-gencatlg
942 _2ddc
_cBK
_h337
_iSET/I
_k337
_mSET/I